000 005030000a22001690004500
041 0 _aSPA
082 0 4 _aG 301 U81e
100 1 _aUrrego Guzmán, Agustín
245 1 0 _aEducacion para el desarrollo : orientaciones para el desarrollo de la comunidad "accion comunal" / Agustín Urrego Guzmán
260 _aBogotá : Voluntad
300 _a135 Pág.
001 14756
942 _cBK
999 _c43597
_d43597
336 _atexto
_btxt
_2rdacontent
337 _2rdamedia
_asin mediación
_bn
338 _2rdacarrier
_avolumen
_bnc